| 000 | 00547nam a2200193 a 4500 | ||
|---|---|---|---|
| 005 | 20140310183450.0 | ||
| 008 | 090120s19uu xx 00 eng d | ||
| 020 | _a97804702333313 | ||
| 050 |
_aHF 5691 _b.St74 2008 |
||
| 100 | _aSterling, Mary Jane | ||
| 245 |
_aBusiness math for dummies / _cMary Jane Sterling |
||
| 260 |
_aHoboken, New Jersey : _bWiley Publishing, Inc, _c2008. |
||
| 300 |
_a388 p. : _bill. ; _c24 cm. |
||
| 521 | _aBSBA | ||
| 650 | _aBSBA. | ||
| 650 | _aBusiness Mathematics. | ||
| 942 |
_cBK _2lcc _kFOR |
||
| 999 |
_c23374 _d23374 |
||